000 nam a22 7a 4500
999 _c7210
_d7210
008 170729b xxu||||| |||| 00| 0 eng d
100 _93786
_aStella.D
245 _aEncyclopedia of Transport
260 _aNew Delhi
_bAnmol pul
_c2006